ბათუმის შოთა რუსთაველის სახელმწიფო უნივერსიტეტის ბიბლიოთეკა

კავკასიის ხალხთა ეთნოგრაფია (ბიბ.ჩანაწერი № 51600)

000 -LEADER
fixed length control field 00749nam a2200229Ia 4500
001 - CONTROL NUMBER
control field 18591
003 - CONTROL NUMBER IDENTIFIER
control field GE_BSU
008 - FIXED-LENGTH DATA ELEMENTS--GENERAL INFORMATION
fixed length control field 181216s||||||||xx |||||||||||||| ||und||
020 ## - INTERNATIONAL STANDARD BOOK NUMBER
International Standard Book Number 999409212X
040 ## - CATALOGING SOURCE
Transcribing agency GE_BSU
080 ## - UNIVERSAL DECIMAL CLASSIFICATION NUMBER
Universal Decimal Classification number 39(479.9)
100 ## - MAIN ENTRY--PERSONAL NAME
Personal name ხუციშვილი, ქეთევან
245 ## - TITLE STATEMENT
Title კავკასიის ხალხთა ეთნოგრაფია
245 ## - TITLE STATEMENT
Statement of responsibility, etc. რედ. რ. თოფჩიშვილი
260 ## - PUBLICATION, DISTRIBUTION, ETC.
Place of publication, distribution, etc. თბილისი
260 ## - PUBLICATION, DISTRIBUTION, ETC.
Name of publisher, distributor, etc. კავკასიური სახლი
260 ## - PUBLICATION, DISTRIBUTION, ETC.
Date of publication, distribution, etc. 2006
300 ## - PHYSICAL DESCRIPTION
Extent 167 გვ. ; 21 სმ.
653 ## - INDEX TERM--UNCONTROLLED
Uncontrolled term კავკასიის ხალხთა ეთნოგრაფია
942 ## - ADDED ENTRY ELEMENTS (KOHA)
Koha item type წიგნი
ეგზემპლარები
Withdrawn status Lost status Damaged status Not for loan Date acquired Barcode Date last seen Price effective from Koha item type Public note
        2018-12-17 00330 ქსეროქსი 2018-12-17 2018-12-17 წიგნი ქსეროქსი